| 000 | | | 03974nmc2a2200000 x 450 |
| 001 | | | 9ff60fe9-c879-44c8-9660-073d5576fac7 |
| 005 | | | 20170929165620.0 |
| 100 | ## | $a | 20160121l18601861k l0rusy0189 ca |
| 101 | 0# | $a | rus |
| 102 | ## | $a | RU |
| 200 | 1# | $a | Дело о духовных академиях: о публичных лекциях в Санкт-Петербурге (1860 г.), отчёт по Киевской духовной академии (1861 г.), увольнение профессоров и о случае в Санкт-Петербургской академии (1861 г.) |
| | $j | 18 февраля 1860 г. - 16 октября 1861 г. |
| 251 | ## | $c | Дело |
| 300 | ## | $a | Дело |
| 801 | #0 | $a | RU |
| | $b | РГИА |
| | $c | 20160121 |
| | $g | RCR |
| 801 | #1 | $a | RU |
| | $b | ГлавНИВЦ |
| | $c | 20160121 |
| | $2 | rusmarc |
| 801 | #2 | $a | RU |
| | $b | ПБ им. Б.Н. Ельцина |
| | $c | 20170929 |
| | $g | RCR |
| | $2 | rusmarc |
| 850 | ## | $a | РГИА |
| 852 | ## | $a | РГИА |
| | $e | Федеральное казенное учреждение "Российский государственный исторический архив" (РГИА) |
| | $j | 91 |
| 937 | ## | $h | РГИА |
| | $d | 12196856 |
| | $a | ASBIBLIO_SCAN |
| 215 | ## | $a | 20 л. |
| | $d | 36,5х26 см |
| 371 | ## | $a | Документ не является опубликованным и широко распространяемым |
| 105 | ## | $a | y### |
| 122 | 2# | $a | d |
| 461 | #0 | $1 | 001b1f99367-c32c-4622-b459-2b3448ffecf4 |
| | $1 | 2001 |
| | $a | Филарет (до монашества - Василий Михайлович Дроздов) (1783-1867), член Синода, ректор Петербургской духовной академии, митрополит Московский и Коломенский |
| | $1 | 251 |
| | $c | Фонд |
| | $1 | 852 |
| | $j | 832 |
| 462 | #0 | $1 | 001940c438b-e4d1-4ae5-ae01-8cacda3d18e1 |
| | $1 | 2001 |
| | $a | Записки Филарета и другие материалы по разным вопросам управления церковью в России, о положении православной церкви за границей, о расколе |
| | $1 | 251 |
| | $c | Опись |
| | $1 | 852 |
| | $j | 1 |
| 035 | ## | $a | 9ff60fe9-c879-44c8-9660-073d5576fac7 |
| 856 | ## | $u | http://readingroom.main.prlib.ru/item.aspx?id_node=n105755856&mode=full |